Тепловой поток и нефтегазоносность доюрского основания Бакчарской и Восточно-Пайдугинской впадин Западной Сибири (восток Томской области): диссертация на соискание ученой степени кандидата геолого-минералогических наук; спец. 1.6.9
| 1. autor: | |
|---|---|
| Korporacja: | |
| Kolejni autorzy: | , |
| Streszczenie: | Заглавие с титульного экрана Электронная версия печатной публикации Защита сост. 14.03.2024 На правах рукописи Текстовый файл |
| Język: | rosyjski |
| Wydane: |
Томск, 2024
|
| Hasła przedmiotowe: | |
| Dostęp online: | https://earchive.tpu.ru/handle/11683/77245 |
| Format: | MixedMaterials Elektroniczne Książka |
| KOHA link: | https://koha.lib.tpu.ru/cgi-bin/koha/opac-detail.pl?biblionumber=670216 |
MARC
| LEADER | 00000nam0a2200000 4500 | ||
|---|---|---|---|
| 001 | 670216 | ||
| 005 | 20240122163132.0 | ||
| 090 | |a 670216 | ||
| 100 | |a 20240119d2024 k||y0rusy50 ca | ||
| 101 | 0 | |a rus | |
| 102 | |a RU | ||
| 105 | |a a m 001yy | ||
| 135 | |a drcn ---uucaa | ||
| 181 | 0 | |a i |b e | |
| 182 | 0 | |a b | |
| 183 | 0 | |a cr |2 RDAcarrier | |
| 200 | 1 | |a Тепловой поток и нефтегазоносность доюрского основания Бакчарской и Восточно-Пайдугинской впадин Западной Сибири (восток Томской области) |e диссертация на соискание ученой степени кандидата геолого-минералогических наук |e спец. 1.6.9 |f А. С. Герасимова |g Национальный исследовательский Томский политехнический университет ; науч. рук. В. И. Исаев, Г. Лобова | |
| 203 | |a Текст |c электронный |b визуальный | ||
| 210 | 1 | |a Томск |d 2024 | |
| 215 | |a 1 файл (7 708 КБ, 171 с.) |c pdf | ||
| 283 | |2 RDAcarrier |a online_resource | ||
| 300 | |a Заглавие с титульного экрана | ||
| 300 | |a Электронная версия печатной публикации | ||
| 300 | |a Защита сост. 14.03.2024 | ||
| 320 | |a Библиогр.: с. 159-171 (123 назв.) | ||
| 333 | |a На правах рукописи | ||
| 336 | |a Текстовый файл | ||
| 606 | |a Нефтегазовые месторождения |x Геология |y Западная Сибирь |9 84201 | ||
| 610 | 1 | |a электронный ресурс | |
| 610 | 1 | |a диссертации | |
| 610 | 1 | |a труды учёных ТПУ | |
| 610 | 1 | |a нефтематеринская тогурская свита | |
| 610 | 1 | |a коллекторы | |
| 610 | 1 | |a доюрские резервуары | |
| 610 | 1 | |a емкостные свойства | |
| 610 | 1 | |a ресурсная база углеводородов | |
| 610 | 1 | |a коренной палеозой | |
| 610 | 1 | |a коры выветривания | |
| 610 | 1 | |a палеотемпературное моделирование | |
| 610 | 1 | |a тепловые потоки | |
| 610 | 1 | |a Томская область | |
| 610 | 1 | |a Восточно-Пойдугинская впадина | |
| 675 | |a 553.98(571.1)(04) |v 4 |z rus | ||
| 686 | |2 oksvnk |a 25.00.10 | ||
| 700 | |a Герасимова |b А. С. |g Анна Сергеевна | ||
| 702 | 1 | |a Исаев |b В. И. |c геолог |c профессор Томского политехнического университета, доктор геолого-минералогических наук |f 1952-2023 |g Валерий Иванович |4 695 |9 11005 | |
| 702 | 1 | |a Лобова |b Г. А. |c геофизик |c доцент Томского политехнического университета, кандидат геолого-минералогических наук |f 1952- |g Галина Анатольевна |4 695 |9 13541 | |
| 712 | 0 | 2 | |a Национальный исследовательский Томский политехнический университет |c (2009- ) |9 26305 |4 070 |
| 801 | 0 | |a RU |b 63413507 |c 20240119 |g RCR | |
| 850 | |a 63413507 | ||
| 856 | 4 | |u https://earchive.tpu.ru/handle/11683/77245 |z https://earchive.tpu.ru/handle/11683/77245 | |
| 942 | |c CF | ||